[Event "Sportland NRW-Cup"]
[Site "Muenster"]
[Date "1993.??.??"]
[Round "7"]
[White "Kindermann, Stefan"]
[Black "Bosboom, Manuel"]
[Result "1-0"]
[WhiteElo "2520"]
[BlackElo "2440"]
[Annotator "Bulletin"]
[PlyCount "74"]
[EventDate "1993.12.26"]
[EventType "tourn"]
[EventRounds "11"]
[EventCountry "GER"]
[EventCategory "9"]
[SourceTitle "CBM 038 Extra"]
[Source "ChessBase"]
[SourceDate "1994.03.01"]
[SourceVersion "1"]
[SourceVersionDate "1994.03.01"]
[SourceQuality "1"]

1. e4 {[Bulletin]} c5 2. Nf3 e6 3. d4 cxd4 4. Nxd4 a6 5. Bd3 Nf6 6. O-O Qc7 7.
Qe2 d6 8. f4 g6 9. f5 gxf5 10. exf5 e5 11. Bg5 Be7 {Der schwarze König wird
hiernach kein sicheres Plätzchen mehr finden.} (11... Bg7 {Mit diesem
Läuferzug behält sich Schwarz die Möglichkeit der kurzen Rochade  vor, der Lg7
kann den König verteidigen. Kindermann hatte darauf ein prinzipielles
Figurenopfer geplant.} 12. Kh1 {Um 12.-Dc5 zu entkräften.} O-O 13. Bxf6 Bxf6
14. Nc3 $1 (14. Nb3 d5 $1) 14... exd4 15. Nd5 Qd8 16. Qh5 {Nun droht Tf1-f3-h3.
} Kh8 17. Rae1 Nc6 18. Re7 $1 Qxe7 19. Nxe7 Nxe7 20. Qh6 $1 {und in der
Analyse fand sich gegen die mächtige weiße Dame kein Rezept.}) (11... Nbd7 12.
Ne6 Qc6 13. Nc3 Rg8 14. Bh4 Rg4 {beschäftigte als denkbare Verbesserung beide
Spieler bei der anschließenden Partieanalyse.} 15. Bxf6 Nxf6 16. Nd5 $5) 12.
Kh1 Nc6 13. Nb3 Nb4 14. Nc3 Nbd5 15. Nxd5 Nxd5 16. f6 Bf8 17. c4 Nb4 18. Be4
Be6 19. Nd2 O-O-O 20. Be3 Kb8 21. Qf2 Qd7 22. a3 d5 (22... Nc6 $5 23. b4 (23.
Bd5) 23... d5 24. cxd5 Bxd5) 23. cxd5 Nxd5 24. Ba7+ Ka8 25. Nc4 {[#]} Qb5 26.
Rac1 {27.Ld5 nebst 28.Sb6 stellt eine gewaltige Drohung dar. Schwarz findet
noch eine überraschende Verteidigung, die die Partie jedoch nicht mehr aus dem
Feuer zu reißen vermag.} Ne3 $1 (26... Bh6 $2 27. Bxd5 Bxc1 28. Rxc1 Bxd5 29.
Nb6+ Kxa7 30. Nc8+ Kb8 31. Qa7#) (26... Rd6 $6 27. Rfd1 {Schwarz ist an Händen
und Füßen gebunden; z.B. ist 28.a4 kaum zu parieren.} (27. Bxd5 $6 Bxd5 28.
Nb6+ Rxb6 29. Bxb6 Bd6 {S hat einige Drohungen gegen den Bg2.})) 27. Nxe3 (27.
Qxe3 Bxc4 28. a4 Qb4) 27... Kxa7 28. Nd5+ Kb8 29. Nc7 Qa4 30. Qb6 Qxe4 31.
Nxa6+ Ka8 32. Qxd8+ (32. Nc7+ Kb8 33. Nb5 $18) 32... Ka7 33. Nc7 {Hier scheint
33.Da5 schneller zu gewinnen.} Bh3 34. Qd2 Kb8 35. Rf3 Bh6 36. Qxh6 Bxg2+ 37.
Kxg2 Qe2+ {Zeitüberschreitung} (37... Qe2+ 38. Kg3 Rg8+ 39. Qg7 $18) 1-0

[Event "Bugojno"]
[Site "Bugojno"]
[Date "1978.03.13"]
[Round "13"]
[White "Spassky, Boris Vasilievich"]
[Black "Huebner, Robert"]
[Result "1/2-1/2"]
[WhiteElo "2630"]
[BlackElo "2595"]
[Annotator "Bulletin"]
[PlyCount "39"]
[EventDate "1978.02.27"]
[EventType "tourn"]
[EventRounds "15"]
[EventCountry "YUG"]
[EventCategory "14"]
[SourceTitle "MCL"]
[Source "ChessBase"]
[SourceDate "1999.07.01"]
[SourceVersion "1"]
[SourceVersionDate "1999.07.01"]
[SourceQuality "1"]

1. e4 c5 2. Nf3 e6 3. d4 cxd4 4. Nxd4 a6 5. Bd3 Nf6 (5... g6 6. Be3 Bg7 7. Qd2
Ne7 8. f4 Nbc6 9. Qf2 d6 10. O-O O-O 11. Nd2 Bd7 12. Rae1 Nb4 13. N2f3 Rc8 $10
{Timman-Panno, Wijk aan Zee 1978}) 6. O-O d6 7. c4 g6 8. b3 Bg7 9. Bb2 O-O 10.
Nc3 b6 11. Qe2 Bb7 12. Rad1 Qc7 13. Bb1 Nbd7 14. Rfe1 Rac8 15. f3 Rfe8 {/\..d5}
16. Qf2 Qb8 17. Bd3 Nh5 18. Bf1 Ba8 19. g3 Nhf6 20. Rd2 1/2-1/2

[Event "Bugojno"]
[Site "Bugojno"]
[Date "1978.03.05"]
[Round "7"]
[White "Timman, Jan H"]
[Black "Miles, Anthony John"]
[Result "1/2-1/2"]
[WhiteElo "2585"]
[BlackElo "2565"]
[Annotator "Bulletin"]
[PlyCount "45"]
[EventDate "1978.02.27"]
[EventType "tourn"]
[EventRounds "15"]
[EventCountry "YUG"]
[EventCategory "14"]
[SourceTitle "MCL"]
[Source "ChessBase"]
[SourceDate "1999.07.01"]
[SourceVersion "1"]
[SourceVersionDate "1999.07.01"]
[SourceQuality "1"]

1. e4 c5 2. Nf3 e6 3. d4 cxd4 4. Nxd4 a6 5. Bd3 Nc6 6. Nxc6 dxc6 7. Nd2 e5 8.
Nc4 Ne7 (8... Nf6 9. Be3 Be6) 9. Be3 Ng6 10. Nb6 Rb8 11. Nxc8 Rxc8 12. Qg4 (12.
g3 $14 {Gipslis-Moiseyev, USSR 1971}) 12... Bd6 13. O-O-O O-O 14. Bc4 Qc7 (
14... Qe7 15. h4 b5 16. Bb3 a5 17. Bg5 $1 Qc7 18. h5 a4 19. Be6 $18) 15. h4 b5
16. Be6 Rcd8 17. h5 Nf4 18. Bf5 {/\g3} Rfe8 19. g3 Ne6 20. Bh6 {/\Bxg7} Kh8 21.
Bxe6 gxh6 $1 (21... fxe6 22. Bg5 Be7 23. h6 $16) 22. Bb3 $1 Qe7 (22... a5 23.
Qf5 Qe7 24. Qxf7 $2 a4) 23. Rd3 (23. Qf5 a5) (23. Rd3 Bc5 (23... Qg5+ $2 24.
Qxg5 hxg5 25. Bxf7 Rf8 26. Be6 $16) 24. Rf3 Rf8) 1/2-1/2

[Event "Bugojno"]
[Site "Bugojno"]
[Date "1978.02.27"]
[Round "2"]
[White "Byrne, Robert Eugene"]
[Black "Huebner, Robert"]
[Result "1/2-1/2"]
[WhiteElo "2550"]
[BlackElo "2595"]
[Annotator "Bulletin"]
[PlyCount "35"]
[EventDate "1978.02.27"]
[EventType "tourn"]
[EventRounds "15"]
[EventCountry "YUG"]
[EventCategory "14"]
[SourceTitle "MCL"]
[Source "ChessBase"]
[SourceDate "1999.07.01"]
[SourceVersion "1"]
[SourceVersionDate "1999.07.01"]
[SourceQuality "1"]

1. e4 c5 2. Nf3 e6 3. d4 cxd4 4. Nxd4 a6 5. Bd3 g6 6. c4 Bg7 7. Be3 Ne7 (7...
d6 8. Nc3 Nf6 9. O-O O-O 10. Rc1 b6 11. Qe2 Bb7 12. Rfd1 Nbd7 13. Bb1 Qc7 14.
f3 Rac8 15. b3 $14 {Timman-Huebner, Tilburg 1977}) 8. Nc3 O-O 9. O-O d6 10. Rc1
Nd7 11. Bb1 d5 12. cxd5 exd5 13. Nb3 Nf6 14. exd5 (14. e5 Ng4 15. Bg5 Bxe5 {
/\16...Bf6}) 14... Nexd5 15. Nxd5 Nxd5 16. Bc5 Re8 17. Qd2 Nf6 18. Qxd8 1/2-1/2

[Event "URS-ch46 First League"]
[Site "Ashkhabad"]
[Date "1978.??.??"]
[Round "14"]
[White "Savon, Vladimir A"]
[Black "Kochyev, Alexander"]
[Result "0-1"]
[WhiteElo "2560"]
[BlackElo "2555"]
[Annotator "Bulletin"]
[PlyCount "80"]
[EventDate "1978.10.??"]
[EventType "tourn"]
[EventRounds "17"]
[EventCountry "URS"]
[EventCategory "10"]
[SourceTitle "MCL"]
[Source "ChessBase"]
[SourceDate "1999.07.01"]
[SourceVersion "1"]
[SourceVersionDate "1999.07.01"]
[SourceQuality "1"]

1. e4 c5 2. Nf3 e6 3. d4 cxd4 4. Nxd4 a6 5. Bd3 Nf6 6. O-O Qc7 7. c4 Nc6 (7...
Bd6 8. Kh1 Nc6 9. Nxc6 dxc6 10. Be3 e5 11. c5 $14) 8. Nf3 $6 (8. Nxc6 dxc6 9.
f4 e5 10. Kh1 (10. f5 $14) 10... Bg4 11. Qc2 O-O-O $10 {Murey,Y-Tal,M/Sukhumi/
1972/}) 8... Ng4 9. g3 Bd6 10. Be2 h5 11. Kg2 b6 12. h3 Nf6 13. Nc3 Bb7 14. Be3
Ne5 $15 15. Qd4 Ng6 16. Qxb6 Qxb6 17. Bxb6 Nxe4 18. Nxe4 Bxe4 19. Rad1 Be5 20.
Bd4 h4 21. Kh2 Bxd4 22. Rxd4 Bxf3 23. Bxf3 Rb8 24. b3 hxg3+ 25. Kxg3 a5 26.
Rfd1 Ne5 27. h4 a4 28. bxa4 Rb2 29. c5 Rxa2 30. Be4 $2 $17 (30. c6 $1 d5 31. c7
Kd7 (31... Ke7 $2 32. Bxd5 exd5 33. Rxd5 Nc6 34. Rd8 $1 Rxd8 35. Rxd8 Na7 36.
Ra8 $1 $16) 32. Bxd5 exd5 33. Rxd5+ Kxc7 $10) 30... Ra3+ 31. f3 Ke7 32. Rb4 Rc8
33. Rc1 f5 34. Bb7 Rc7 35. Rf1 Rxc5 $19 36. Ba6 Rcc3 37. Be2 Ra2 38. Bb5 Kf6
39. Rd4 d5 40. h5 Rcc2 0-1

[Event "BCF-ch"]
[Site "Dundee"]
[Date "1993.??.??"]
[Round "3"]
[White "McDonald, Neil R"]
[Black "Emms, John M"]
[Result "0-1"]
[WhiteElo "2395"]
[BlackElo "2455"]
[Annotator "Bulletin"]
[PlyCount "66"]
[EventDate "1993.08.??"]
[EventType "swiss"]
[EventRounds "11"]
[EventCountry "SCO"]
[SourceTitle "CBM 038"]
[Source "ChessBase"]
[SourceDate "1994.02.01"]
[SourceVersion "1"]
[SourceVersionDate "1994.02.01"]
[SourceQuality "1"]

1. e4 c5 2. Nf3 e6 3. d4 cxd4 4. Nxd4 a6 5. Bd3 Qc7 6. O-O Nf6 7. c4 Nc6 8.
Nxc6 dxc6 9. f4 e5 10. f5 Bc5+ 11. Kh1 h5 12. Nc3 Ng4 13. Qf3 Qd8 $1 14. Nd1
Qh4 15. h3 b6 16. Bd2 Bb7 17. b4 Bd4 18. Rb1 (18. Bc3 O-O-O $2 (18... c5 $1)
19. c5 $1 $14 {Agnos-Emms St Albans 1993}) 18... c5 $1 19. bxc5 Bxc5 20. Bb4
Bd4 21. c5 $6 (21. Bc3) 21... bxc5 22. Bxc5 (22. Be1 Qe7 23. Bc4 $15) 22...
Bxc5 23. Rxb7 O-O $17 24. Nc3 (24. Bc4 $1 Rad8 25. Bd5 Rd6 {/\ Rf6, Rd8}) 24...
Nf2+ 25. Kh2 Rad8 26. Bxa6 Rd2 27. Be2 Ng4+ 28. Kh1 Bd4 29. Rc7 Rb8 30. f6 g6
31. Bc4 Rf2 32. Qd3 (32. Rxf2 Nxf2+ 33. Kh2 Ng4+ 34. Kh1 Bxc3 $1 35. Qxc3 Rb1+
$19) (32. Qd1 Qxh3+ $1) 32... Rxf1+ 33. Qxf1 Qg3 0-1

[Event "Bundesliga 1314"]
[Site "Germany"]
[Date "2013.10.13"]
[Round "2.7"]
[White "Pruijssers, Roeland"]
[Black "Papin, Vasily"]
[Result "1-0"]
[WhiteElo "2529"]
[BlackElo "2512"]
[Annotator "CB"]
[PlyCount "87"]
[EventDate "2013.10.12"]
[EventType "team-tourn"]
[EventRounds "15"]
[EventCountry "GER"]
[SourceTitle "CBM 157"]
[Source "ChessBase"]
[SourceDate "2013.11.12"]
[SourceVersion "1"]
[SourceVersionDate "2013.11.12"]
[SourceQuality "1"]
[WhiteTeam "Emsdetten"]
[BlackTeam "Hockenheim"]
[WhiteTeamCountry "GER"]
[BlackTeamCountry "GER"]
[WhiteClock "0:47:03"]
[BlackClock "0:44:10"]

1. e4 c5 2. Nf3 e6 3. d4 cxd4 4. Nxd4 a6 5. Bd3 {Das gilt als Bestes gegen die
Paulsen-Variante.} g6 $5 ({Am beliebtesten sind} 5... Nf6) ({und} 5... Bc5) 6.
O-O Bg7 7. Nb3 Nc6 (7... Ne7 8. c4 O-O 9. Nc3 Nbc6 10. Bg5 (10. Be2 f5 $5 {
Li, C (2703)-Grandelius,N (2556) Malmo 2012, ½-½ (54)}) 10... h6 11. Bh4 g5
12. Bg3 Ne5 13. Be2 N7g6 14. Qd6 Nf4 15. Bxf4 gxf4 16. Nd2 Qg5 17. Kh1 Kh7 18.
Rg1 Rg8 19. Rad1 Bf6 20. Nf3 Nxf3 21. Bxf3 Be7 22. Qd2 Qe5 23. Ne2 b5 24. Rc1
d6 25. cxb5 axb5 26. Rc7 Re8 27. Nd4 Qg5 28. e5 d5 29. Nc6 Kg7 30. g3 Kf8 31.
gxf4 Qh4 32. Nxe7 Rxe7 33. Qb4 Qxf2 34. Qxe7# {1-0 (34) Caruana,F (2727)
-Grandelius, N (2543) Porto Carras 2011}) 8. c3 {Der Zug kam an dieser Stelle
bisher selten vor.} (8. c4 Nge7 9. Nc3 {ist Zugumstellung zu 7...Se7.}) 8...
Qc7 9. f4 d6 10. Be3 Nf6 11. N1d2 Rb8 12. a4 O-O 13. a5 e5 14. Nc4 (14. f5 $5
gxf5 15. exf5 d5 16. Qe1 $14) 14... exf4 15. Bxf4 Ne5 16. Nb6 Re8 {Das
schwächt den Punkt f7, wie sich noch zeigen wird.} (16... Be6 17. Nd4 Nfd7 $11
) (16... Bg4 $5 17. Qc2 Rbe8 18. Bg5 Ned7 $11) 17. Bg5 (17. Nxc8 Rbxc8 {
ist nur für Schwarz günstig.}) 17... Bg4 $6 (17... Ned7 {war Ok für Schwarz.
} 18. Nd4 Qc5 19. Nxd7 Nxd7 20. Qd2 b5 $11) 18. Qc2 Ned7 19. Qf2 Be6 ({Houdini
empfiehlt} 19... Re5 {mit der möglichen Folge} 20. Nxd7 Nxd7 21. Qxf7+ Kh8 22.
Qf4 Be6 23. Nd4 Bg8 {und Gegenspiel - a5 hängt.}) 20. Nd4 Nc5 21. Bxf6 Nxd3
22. Qd2 Bxf6 23. Rxf6 Ne5 24. Raf1 $16 {Weiß steht nun klar besser. Er
beherrscht die f-Linie. Außerdm hat der Tausch des schwarzfeldrigen Läufers
die schwarze Königsstellung geschwächt.} Rbd8 25. Kh1 $2 {Der Zug räumt
Schwarz eine Reihe von Extramöglichkeiten ein.} (25. h3 $5 Qc5 26. b4 Qc7 27.
Nf3 $16) 25... Bc4 26. R1f4 Nd3 $5 (26... Nd7 $5 27. Nxd7 Rxd7 $11 (27... Qxa5
{ginge auch.})) 27. Rg4 (27. Rf3 Nc5 28. Nxc4 Nxe4 29. Qd3 Nxf6 30. Rxf6 Re1+
31. Rf1 Rxf1+ 32. Qxf1 Qc5 $13) (27. Rh4 $5 {mit komplizierten Verwicklungen:}
Qe7 28. Qg5 Nf2+ 29. Kg1 Nxe4 30. Rxe4 Qxe4 31. Nxc4 d5 32. Nd2 Qe7 33. Qf4
Qe1+ 34. Nf1 Rd7 35. h3 $14) 27... Ne5 $2 ({Gut war} 27... d5 28. b3 (28. exd5
Re1+ $19) 28... Qe7 {und Weiß hat Schwierigkeiten die Balance zu halten:} 29.
Rf5 (29. Rf1 Ne5 $17) 29... dxe4 {und nun errechnet sich Houdini folgende
Zugfolge:} 30. Nxc4 e3 31. Qxd3 (31. Qe2 Nf2+ 32. Rxf2 exf2 33. Qxf2 Qe1+ 34.
Qg1 Qxc3 $17) 31... Rxd4 32. cxd4 e2 33. Ne5 e1=Q+ 34. Rf1 Q1b4 35. Re4 Qb5 (
35... f5 36. Nc6 fxe4 37. Nxe7+ Rxe7 38. Qh3 $11) 36. Qxb5 axb5 37. Ng4 Qxe4
38. Nf6+ Kg7 39. Nxe4 Rxe4 40. Rd1 $11) 28. Rh4 Qe7 29. Qg5 {Mit dem Springer
auf d3 war das OK für Schwarz, jetzt nicht mehr. Schwarz gerät unter Druck.}
Be6 30. Nf5 (30. h3 $5) 30... Qf8 31. Nh6+ Kh8 32. Rhf4 Qg7 33. h4 Rf8 34. h5
$2 {Die Öffnung der h-Linie sollte Schwarz Gegenspiel einräumen.} (34. c4 Nc6
(34... Nxc4 35. Nxf7+) 35. b3 Nxa5 36. Rxf7 Bxf7 37. Nxf7+ Rxf7 38. Qxd8+ Qg8
39. Qxd6 $16) 34... Rde8 $6 ({Richtig war} 34... gxh5 $1 35. Qxh5 Rg8 36. Nxg8
(36. Qh2 Qg5 37. Nxg8 Ng4 38. Rxg4 Qxg4 39. Rh6 Qd1+ 40. Qg1 Qxg1+ 41. Kxg1
Rxg8 $11) 36... Rxg8 37. Rf2 Nd3 38. Kg1 Nxf2 39. Rxf2 Qg4 $11) 35. Rf1 (35.
Kg1 gxh5 36. Qxh5 Rg8 37. Qh2 Qg3 $11) 35... Nd3 $4 {Das verliert.} (35... gxh5
36. Qxh5 Rg8 37. Nxg8 Rxg8 38. R6f2 Qg3 {droht Tg4} 39. Qh2 Qxh2+ 40. Kxh2 Ng4+
$11) 36. Nd7 $1 Bxd7 37. Nxf7+ Kg8 38. Nh6+ Kh8 39. Nf7+ Kg8 40. hxg6 h5 41.
Nh6+ Kh8 42. Nf7+ Kg8 43. Qxh5 Re5 44. Nh6+ (44. Nh6+ Kh8 45. Rxf8+ Qxf8 46.
Nf7+ Kg8 47. Qh8#) 1-0

[Event "RUS-ch 63rd"]
[Site "Moscow"]
[Date "2010.12.13"]
[Round "3"]
[White "Kurnosov, Igor"]
[Black "Svidler, Peter"]
[Result "0-1"]
[WhiteElo "2676"]
[BlackElo "2722"]
[Annotator "CB"]
[PlyCount "82"]
[EventDate "2010.12.11"]
[EventType "tourn"]
[EventRounds "11"]
[EventCountry "RUS"]
[EventCategory "19"]
[SourceTitle "CBM 140"]
[Source "ChessBase"]
[SourceDate "2011.01.18"]
[SourceVersion "1"]
[SourceVersionDate "2011.01.18"]
[SourceQuality "1"]

1. e4 c5 2. Nf3 e6 3. d4 cxd4 4. Nxd4 a6 5. Bd3 Bc5 6. Nb3 Be7 7. Qg4 g6 8. Qe2
d6 9. O-O Nc6 10. c4 Ne5 11. h3 {The first new move, normal being Nc3, however
one wonders what it achieves that outweighs simple development.} Nf6 12. Bh6
Nh5 13. N1d2 $6 {Missing Black's strong and highly original idea.} ({In order
to prevent Svidler's concept, Kurnusov had to play} 13. f4 $1 Ng3 14. Qf2 Nxd3
(14... Nxf1 $2 15. fxe5) 15. Qxg3 Nc5 16. N1d2 {and White is better.}) 13...
Nxd3 14. Qxd3 {#} g5 $1 15. e5 dxe5 16. Qf3 Nf4 $1 {#The point is clear. Not
only has Black secured a fine outpost for the knight, but he is even
threatening the h6 bishop with a rather unpleasant Rg8-g6.} 17. Bg7 Rg8 18.
Bxe5 Qd3 19. c5 $6 ({Better was} 19. Qe4 f6 20. Bxf4 Qxe4 21. Nxe4 gxf4 22.
Rad1 e5 {with a slight edge for Black, but nothing tragic.}) 19... Qxf3 20.
Nxf3 f6 21. Bd6 {White underestimates the strength of the knight, and should
have exchanged it while he had a chance.} e5 22. Nfd2 {#} g4 $1 {The protected
bishop on d6 may look big and strong, but it is really biting on dust.} 23. h4
Be6 24. g3 Nd3 25. Rab1 a5 26. Ne4 Nb4 27. Rfe1 a4 28. Nc1 Kf7 29. a3 Nc2 30.
Rd1 Bf5 31. Bxe7 $2 Bxe4 $1 32. Bd6 Nxa3 33. Ra1 Nc2 34. Ra2 Ke6 35. Rd2 Nd4
36. Kf1 Nf3 37. Re2 Bd5 38. Ra3 Bc4 39. Nd3 Nd4 40. Rc3 (40. Re1 Nb5) (40. Rd2
e4) 40... Bxd3 41. Rxd3 Nxe2 0-1

[Event "Pardubice Czech op-A 24th"]
[Site "Pardubice"]
[Date "2013.07.23"]
[Round "5"]
[White "Nisipeanu, Liviu Dieter"]
[Black "Mozharov, Mikhail"]
[Result "1-0"]
[WhiteElo "2670"]
[BlackElo "2495"]
[Annotator "CB"]
[PlyCount "47"]
[EventDate "2013.07.19"]
[EventType "swiss"]
[EventRounds "9"]
[EventCountry "CZE"]
[SourceTitle "CBM 155 Extra"]
[Source "ChessBase"]
[SourceDate "2013.08.26"]
[SourceVersion "1"]
[SourceVersionDate "2013.08.26"]
[SourceQuality "1"]
[WhiteClock "0:18:37"]
[BlackClock "0:04:33"]

1. e4 c5 2. Nf3 e6 3. d4 cxd4 4. Nxd4 a6 5. Bd3 {Diese Fortsetzung ist die
ehgeizigste gegen den von Schwarz gewählten Paulsen-Aufbau.} Bc5 ({Andere
Möglichkeiten sind} 5... Nf6 6. O-O {und nun wurde zuletzt mit} e5 {
experimentiert:} ({Üblicher ist} 6... Qc7) 7. Bg5 h6 8. Bxf6 Qxf6 9. Nf5 g6
10. Ne3 Bc5 11. Nc3 d6 12. Ncd5 Qd8 13. Kh1 Nc6 14. Ng4 O-O 15. Ngf6+ Kg7 16.
c3 Be6 17. f4 Bxd5 18. Nxd5 exf4 19. Rxf4 Qg5 20. Qf1 Ne5 21. Rd1 Rae8 22. Bc2
h5 23. Bb3 Ng4 24. g3 Rxe4 25. Rxe4 Nf2+ 26. Qxf2 Bxf2 27. Kg2 Bc5 28. h4 Qf5
29. Re2 Qg4 30. Rde1 g5 31. Re4 Qf5 32. R1e2 gxh4 33. Nf4 Qg5 34. Kh1 d5 35.
Bxd5 hxg3 36. c4 Qh4+ 37. Kg2 Qh2+ 38. Kf3 Qh1+ 39. Kxg3 h4+ {0-1 (39) Topalov,
V (2770)-Caruana,F (2736) Wijk aan Zee 2012}) ({Nicht ganz ausreichend ist} 
5... Nc6 {wegen} 6. Nxc6 dxc6 7. Nd2 $1 {zum Beispiel:} e5 8. Nc4 Nf6 9. O-O
Qc7 10. Bd2 Bg4 11. Qe1 b5 12. Ne3 Bc5 13. Nxg4 Nxg4 14. Qe2 Nf6 15. b4 Bb6 16.
c4 Bd4 17. Rac1 Qd6 18. Bc2 O-O 19. Bb3 Rfd8 20. Rc2 Rd7 21. Rfc1 Rc7 22. g3 h6
23. Kg2 Rac8 24. a4 Qe6 25. axb5 axb5 26. Qd3 bxc4 27. Rxc4 Qd7 28. Be3 Bxe3
29. Qxe3 Qe7 30. Ba4 Rb8 31. Qc3 Rcb7 32. Rb1 c5 33. Rxc5 Nxe4 34. Rc8+ Kh7 35.
Bc2 f5 36. Qf3 Rxc8 37. Qxf5+ g6 38. Qxc8 Nf6 39. Qc3 Rb6 40. Qc5 Qxc5 41. bxc5
Rxb1 42. Bxb1 Kg7 43. Kf3 Kf7 44. c6 Ne8 45. Ke3 Nf6 46. Be4 Ne8 47. Kd3 Nc7
48. Kc4 g5 49. Bf5 h5 50. Kc5 Ke7 51. f3 h4 52. Bd7 {1-0 (52) Leko,P (2701)
-Khalifman,A (2628) Budapest 2000}) 6. Nb3 Ba7 ({Ebenfalls spielbar ist} 6...
Be7) 7. c4 d6 8. Nc3 Nc6 9. Qe2 Nf6 10. Be3 b6 {Ziemlich extravagant gespielt.
Soll der Läufer einmal auf b8 zum Einsatz kommen?} ({"Normal" ist} 10... Bxe3
11. Qxe3 e5) 11. f4 Bb7 12. O-O O-O 13. Rad1 Qc7 14. Kh1 Rfe8 15. Rf3 {Weiß
hat seine Entwicklung abgeschlossen und geht nun zum Angriff über. Noch knapp
zehn Züge, dann ist die Partie vorbei.} g6 {Ein typisches
Verteidigungsmanöver, ein Läufer auf g7 deckt dann wichtige Felder.
Allerdings befindet sich der Läufer hier auf a7.} 16. Rh3 Nd7 17. Qf2 f5 $6 {
Schwächt weiter den Königsflügel.} (17... Nc5 18. Nxc5 dxc5 19. Qh4 h5 20.
f5 {wäre hässlich.}) (17... Qd8 $5 {ist vielleicht noch eine Idee.}) 18. exf5
gxf5 (18... exf5 19. Nd5 Qd8 20. Bxf5 $18) 19. Qg3+ (19. Bxf5 exf5 20. Nd5 {
war auch sehr stark.}) 19... Kh8 20. Nd5 $1 {Mit ein paar Kraftzügen wird nun
die schwarze Stellung in Trümmer gehauen.} Qd8 (20... exd5 21. Rxh7+ Kxh7 22.
Bxf5+ Kh8 23. Qh3+ Kg7 24. Qh7+ Kf8 (24... Kf6 25. Bf2 {gefolgt von} Z0 26.
Bh4#) 25. Bg6 Nde5 (25... Re7 26. Qh8#) 26. Qxc7 {verliert die Dame.}) 21. Nd4
{Auch der Springer kann nicht genommen werden.} Rg8 (21... Re7 22. Nxe6 Rxe6
23. Rxh7+ Kxh7 24. Bxf5+ {führt ebenfalls zum Matt.}) 22. Rxh7+ Kxh7 23. Qh3+
Kg6 24. Nxe6 (24. Bxf5+ exf5 25. Qxf5+ {führt auch zum Matt.}) (24. Nxe6 Qe8
25. Qxf5+ Kh6 26. Qh7#) 1-0